000 00554nam a2200181Ia 4500
008 090201s9999 xx 000 0 und d
010 _aKPL-67626
040 _bमराठी
041 _aमराठी
082 _a45079
_b67626
100 _aचि वि जोशी
245 _aमोरु आणि मौना
_cचि वि जोशी
250 _a4
260 _c2005
_bकॉन्टीनेंटल प्रकाशन
300 _a94
_bमोठा
600 _aमोरु आणि मौना
942 _cBOOK
999 _c242045
_d242045